Central Library OPAC University of Rajshahi

البترول والسياسة العربية /[albitrul walsiyasat alearabiat] / (Record no. 79796)

MARC details
000 -LEADER
fixed length control field 01239nam a2200277 a 4500
001 - CONTROL NUMBER
control field 79796
003 - CONTROL NUMBER IDENTIFIER
rucl marc code BD-RjUL
005 - DATE AND TIME OF LATEST TRANSACTION
control field 20220512160348.0
008 - FIXED-LENGTH DATA ELEMENTS--GENERAL INFORMATION
fixed length control field 070723s1954 ua 000 0 ara d
035 ## - SYSTEM CONTROL NUMBER
System control number (BD-RjUL)79796
040 ## - CATALOGING SOURCE
Original cataloging agency HUJI
Language of cataloging ara
Transcribing agency BD-RjUL
041 0# - LANGUAGE CODE
Language code of text/sound track or separate title ara
082 ## - DEWEY DECIMAL CLASSIFICATION NUMBER
Edition number 23
Classification number 665.55 056
Author mark and year SHB 1954
090 11 - LOCALLY ASSIGNED LC-TYPE CALL NUMBER (OCLC); LOCAL CALL NUMBER (OCLC)
Classification number (OCLC) (R) ; Classification number, CALL (RLIN) (NR) 327/شاكر
100 1# - MAIN ENTRY--PERSONAL NAME
Personal name [Shakir, Amin] شاكر، امين
9 (RLIN) 1090
245 12 - TITLE STATEMENT
Title البترول والسياسة العربية /[albitrul walsiyasat alearabiat] /
Statement of responsibility, etc. اشترك فى اخراج هذا الكتاب امين شاكر [و]سعيد العريان [و]توفيق مقار.[ashtarak faa akhiraj hadha alkitab amin shakir [w]saeid aleuryan [w]twfiq maqari.]
260 ## - PUBLICATION, DISTRIBUTION, ETC. (IMPRINT)
Place of publication, distribution, etc. مصر :Misr :
Name of publisher, distributor, etc. دار المعارف,
Date of publication, distribution, etc. 1954(?).
300 ## - PHYSICAL DESCRIPTION
Pagination ٢٠٨ص :208
Illustrations خرائط.
Size 22 cm
490 1# - SERIES STATEMENT
Series statement akhtarna lak ; اخترنا لك ؛
Volume/sequential designation ٠٠٧ 700
650 #4 - SUBJECT ADDED ENTRY--TOPICAL TERM
Topical term or geographic name as entry element Petroleum industry and trade
Geographic subdivision Arab countries
General subdivision Economic aspects.
9 (RLIN) 2991
Topical term or geographic name as entry element Petroleum industry and trade
General subdivision Political aspects
Geographic subdivision Arab countries
9 (RLIN) 2992
700 1# - ADDED ENTRY--PERSONAL NAME
Personal name [ Arian sayid] العريان، سعيد
Personal name [Makar, Tawfiq ]]مقار، توفيق
830 #0 - SERIES ADDED ENTRY--UNIFORM TITLE
Uniform title اخترنا لك ؛
Volume number/sequential designation ٠٠٧.
942 ## - ADDED ENTRY ELEMENTS (KOHA)
Source of classification or shelving scheme Dewey Decimal Classification
Koha item type Books
Holdings
Lost status Source of classification or shelving scheme Damaged status Not for loan Collection code Permanent Location Current Location Shelving location Date acquired Full call number Date last seen Copy number Koha item type
  Dewey Decimal Classification   Not For Loan Non-fiction Central Library, University of Rajshahi Central Library, University of Rajshahi Reading Room 12/05/2022 A 665.55056 SHB 1954 12/05/2022 C-1 Books